000
00319nam a22001337a 4500
008
210226b ||||| |||| 00| 0 eng d
020
_a
9781437708967
041
_a
eng
080
_2
5th
_a
61
100
_a
4
101
_a
SHM
245
_a
Ethical Dimensions in the health Professions
_c
Purtilo ,B.R
942
_2
udc
_c
BK
999
_c
55301
_d
55301